Morir dignamente : (Registro nro. 173260)
[ vista simple ]
| 000 -LEADER | |
|---|---|
| fixed length control field | 01303cam a2200373 i 4500 |
| 001 - CONTROL NUMBER | |
| control field | 21998970 |
| 006 - FIXED-LENGTH DATA ELEMENTS--ADDITIONAL MATERIAL CHARACTERISTICS--GENERAL INFORMATION | |
| fixed length control field | m o d |
| 007 - PHYSICAL DESCRIPTION FIXED FIELD--GENERAL INFORMATION | |
| fixed length control field | cr un ---uuuua |
| 008 - FIXED-LENGTH DATA ELEMENTS--GENERAL INFORMATION | |
| fixed length control field | 210111s2020 ck ob 001 0 spa d |
| 010 ## - LIBRARY OF CONGRESS CONTROL NUMBER | |
| LC control number | 2020439819 |
| 020 ## - INTERNATIONAL STANDARD BOOK NUMBER | |
| International Standard Book Number | 9789587324082 |
| Qualifying information | (pbk.) |
| 020 ## - INTERNATIONAL STANDARD BOOK NUMBER | |
| International Standard Book Number | 9789587324099 |
| Qualifying information | (digital) |
| 035 ## - | |
| -- | 40473 |
| 040 ## - CATALOGING SOURCE | |
| Original cataloging agency | UtOrBLW |
| Language of cataloging | eng |
| Description conventions | rda |
| Transcribing agency | UtOrBLW |
| 042 ## - | |
| -- | pcc |
| 043 ## - | |
| -- | s-ck--- |
| 050 00 - | |
| -- | KHH3440.E96 |
| -- | P46 2020 |
| 082 04 - | |
| -- | 344.86104197 |
| -- | 23 |
| 100 1# - MAIN ENTRY--PERSONAL NAME | |
| Personal name | Peña Ñuscué, Ana Jessica, |
| Relator term | author. |
| 245 10 - TITLE STATEMENT | |
| Title | Morir dignamente : |
| Remainder of title | una visión desde el derecho colombiano / |
| Statement of responsibility, etc | Ana Jessica Peña Ñuscué, Katherine Lizeth Figueroa Coral. |
| 250 ## - | |
| -- | Primera edición. |
| 264 #1 - | |
| -- | Popayán : |
| -- | Editorial Universidad del Cauca, |
| -- | 2020. |
| 300 ## - PHYSICAL DESCRIPTION | |
| Extent | 1 online resource (253 pages) |
| 336 ## - | |
| -- | text |
| -- | txt |
| -- | rdacontent |
| 337 ## - | |
| -- | computer |
| -- | c |
| -- | rdamedia |
| 338 ## - | |
| -- | online resource |
| -- | cr |
| -- | rdacarrier |
| 504 ## - BIBLIOGRAPHY, ETC. NOTE | |
| Bibliography, etc | Includes bibliographical references (pages 233-248) and index. |
| 650 #0 - SUBJECT ADDED ENTRY--TOPICAL TERM | |
| Topical term or geographic name as entry element | Euthanasia |
| General subdivision | Law and legislation |
| Geographic subdivision | Colombia. |
| 650 #0 - SUBJECT ADDED ENTRY--TOPICAL TERM | |
| Topical term or geographic name as entry element | Right to die |
| General subdivision | Law and legislation |
| Geographic subdivision | Colombia. |
| 700 1# - ADDED ENTRY--PERSONAL NAME | |
| Personal name | Figueroa Coral, Katherine Lizeth, |
| Relator term | author. |
| 856 40 - LOCALIZACIÓN Y ACCESO ELECTRÓNICO | |
| Identificador Uniforme del Recurso (URI/URL) | https://app.vlex.com/#/sources/40473 |
| 942 ## - | |
| -- | RAA |
| 999 ## - | |
| -- | 173260 |
| -- | 173260 |
No hay ítems disponibles.